000 00337nam a22001457a 4500
008 230831b ||||| |||| 00| 0 eng d
020 _a9781319094027
041 _aeng
080 _2SEVENTH EDITION
_a37
082 _a37McW
100 _a22
101 _aEDU
245 _aSUCCESSFUL COLLEGE WRITING
_cMCWHORTER.T.K
942 _2udc
_cBK
999 _c60221
_d60221